[Event "Goodricke op 05th"]
[Site "Kolkata"]
[Date "1994.??.??"]
[Round "1"]
[White "Acharya, Chandragupta K"]
[Black "Gufeld, Eduard"]
[Result "1/2-1/2"]
[WhiteElo "2260"]
[BlackElo "2475"]
[PlyCount "102"]
[EventDate "1994.02.??"]
[EventType "swiss"]
[EventRounds "11"]
[EventCountry "IND"]
[SourceTitle "CBM 039 Extra"]
[Source "ChessBase"]
[SourceDate "1994.05.01"]
[SourceVersion "1"]
[SourceVersionDate "1994.05.01"]
[SourceQuality "1"]

1. e4 c5 2. Nf3 d6 3. d4 cxd4 4. Nxd4 Nf6 5. Nc3 Nc6 6. Bc4 Qb6 7. Nb3 e6 8. 0-0 Be7 9. a4 0-0 10. Bd3 d5 11. exd5 exd5 12. Bg5 Be6 13. Nb5 a6 14. Be3 Qd8 15. N5d4 Bd6 16. Nf5 Be5 17. Nbd4 Qd7 18. h3 Rfe8 19. Re1 Ne4 20. Nxc6 bxc6 21. Bxe4 Bxf5 22. Bxf5 Qxf5 23. c3 h5 24. Qb1 Qf6 25. Qd3 Bc7 26. Qd4 Qd6 27. g3 Re4 28. Bf4 Rxe1+ 29. Rxe1 Qd7 30. Bxc7 Qxc7 31. c4 Qa5 32. Re5 Qxa4 33. Rxh5 Qxc4 34. Qxc4 dxc4 35. Rc5 Rb8 36. Rxc4 Rxb2 37. Rxc6 a5 38. h4 a4 39. g4 a3 40. Ra6 Ra2 41. Kg2 g6 42. Kg3 Kg7 43. Kg2 Ra1 44. Kh2 Kf8 45. Ra7 Kg7 46. Ra6 a2 47. Kg2 Kh6 48. Kh2 Kg7 49. Kg2 f5 50. gxf5 gxf5 51. h5 Kh7 1/2-1/2

[Event "Goodricke op 04th"]
[Site "Kolkata"]
[Date "1993.??.??"]
[Round "4"]
[White "Acharya, Chandragupta K"]
[Black "Ravi, Thandalam Shanmugam"]
[Result "1/2-1/2"]
[WhiteElo "2285"]
[BlackElo "2370"]
[PlyCount "34"]
[EventDate "1993.02.??"]
[EventType "swiss"]
[EventRounds "11"]
[EventCountry "IND"]
[SourceTitle "EXT 1998"]
[Source "ChessBase"]
[SourceDate "1997.11.17"]
[SourceVersion "1"]
[SourceVersionDate "1997.11.17"]
[SourceQuality "1"]

1. e4 g6 2. d4 Bg7 3. Nc3 c6 4. Bc4 d6 5. Qf3 e6 6. Nge2 Qe7 7. a4 Nd7 8. Qg3 e5 9. Be3 Ngf6 10. f3 0-0 11. 0-0 exd4 12. Bxd4 Ne5 13. Bb3 Be6 14. Bxe6 Qxe6 15. Nf4 Qe7 16. Kh1 a5 17. Rae1 Rfe8 1/2-1/2